Movies by Picture - H - Statistics

General Stats
  • This quiz has been taken 731 times
  • The average score is 12 of 16
Answer Stats
Picture Answer % Correct
Harry Potter and the Philosopher's Stone
99%
Hulk
99%
Home Alone
97%
The Hunger Games
90%
The Hobbit: An Unexpected Journey
88%
The Hangover
86%
Halloween
81%
Hannibal
81%
Hook
80%
Happy Gilmore
71%
Hellboy
64%
Honey I Shrunk the Kids
62%
Her
51%
Hitch
41%
Highlander
33%
Hugo
28%
No matching quizzes found
Score Distribution
Percent of People with Each Score
Percentile by Number Answered
Your Score History
You have not taken this quiz